000 01060nam a2200289 a 4500
001 26231
003 CO-ViMGA
005 20230915232152.0
008 141112s2004 ck r 000 u spa d
020 _a9788480867498
040 _aCO-ViMGA
_bspa
_cCO-ViMGA
041 _aspa
082 0 4 _a610.7309 M17h
100 1 _aMartínez Martín, María Luisa.
_940947
245 1 0 _aHistoria de la enfermería :
_bevolución histórica del cuidado enfermero /
_cMaría Luisa Martínez Martín, Elena Chamorro Rebollo.
250 _a2a. ed.
260 _aBarcelona :
_bElsevier,
_c2011.
300 _axiv, 159 p. ; 23 cm.
490 _aHCS. Humanidades en ciencias de la salud
500 _aGlosario : p. 148 - 151.
504 _aIncluye bibliografía e índice.
650 1 4 _aEnfermería - Historia.
_915054
700 1 _aChamorro Rebollo, Elena.
_940948
852 _17.648.30
942 _2ddc
_cBK
949 _an n
999 _c33420
_d33420